| 000 | 00536nam a22001817a 4500 | ||
|---|---|---|---|
| 005 | 20130513154450.0 | ||
| 010 | _aENG-107109 | ||
| 020 |
_a9788192020136 _c500.00 |
||
| 035 | _aEN-90642 | ||
| 037 | _bDBAD/PUB | ||
| 100 | _aPrasad, Kameshwar | ||
| 245 | 1 | 0 |
_aMetaphysical poets & poetry / _cby Kameshwar Prasad |
| 260 |
_aHaryana _bShanti Prakashan _c2012 |
||
| 270 |
_a1780, Sector-1, Delhi By-pass _bRohtak _e124001 |
||
| 300 |
_ax,330p. _c22cm(Hb) |
||
| 500 | _aIncludes bibliographical references and index | ||
| 942 |
_2ddc _cEN _mPRA |
||
| 999 |
_c75500 _d75500 |
||